Sports Quiz

Random Sports or Football Quiz

Major Bowl Teams of the 1990s Quiz Stats

 Plays Quiz Updated Jan 11, 2015

Challenge
Share
Tweet
Embed
Score 0/100 Timer 04:00
14 Plays Today
% Correct
Texas
97.3%
Texas
97.3%
Florida
97.3%
Florida
97.3%
Florida
97.3%
Florida
97.3%
Texas
97.3%
Texas
97.3%
Florida
97.3%
Florida
97.3%
Texas
97.3%
Michigan
95.8%
Michigan
95.8%
Michigan
95.8%
Michigan
95.8%
Florida State
95.2%
Florida State
95.2%
Florida State
95.2%
Florida State
95.2%
Florida State
95.2%
Florida State
95.2%
Florida State
95.2%
Florida State
95.2%
Florida State
95.2%
USC
95.1%
USC
95.1%
Alabama
94.9%
Alabama
94.9%
Alabama
94.9%
Ohio State
94.4%
Ohio State
94.4%
Ohio State
94.4%
Miami (Fla.)
90.9%
Miami (Fla.)
90.9%
% Correct
Miami (Fla.)
90.9%
Miami (Fla.)
90.9%
Miami (Fla.)
90.9%
UCLA
90.7%
UCLA
90.7%
UCLA
90.7%
Nebraska
86.9%
Nebraska
86.9%
Nebraska
86.9%
Nebraska
86.9%
Nebraska
86.9%
Nebraska
86.9%
Nebraska
86.9%
Nebraska
86.9%
Washington
86.8%
Washington
86.8%
Washington
86.8%
Oregon
85.7%
Oregon
85.7%
Penn State
85.6%
Penn State
85.6%
Penn State
85.6%
Texas A&M
81.7%
Texas A&M
81.7%
Texas A&M
81.7%
Texas A&M
81.7%
Texas A&M
81.7%
Tennessee
81.6%
Tennessee
81.6%
Tennessee
81.6%
Tennessee
81.6%
Tennessee
81.6%
Notre Dame
81%
Notre Dame
81%
% Correct
Notre Dame
81%
Notre Dame
81%
Notre Dame
81%
Notre Dame
81%
Arizona
80.7%
Wisconsin
80.3%
Wisconsin
80.3%
Wisconsin
80.3%
Arizona State
75.8%
Stanford
73.2%
Iowa
72.8%
Colorado
72.5%
Colorado
71.2%
Colorado
71.2%
Colorado
71.2%
Virginia
71.2%
Washington State
70%
Arkansas
66.2%
Virginia Tech
66.1%
Virginia Tech
66.1%
Virginia Tech
66.1%
Kansas State
63.6%
Kansas State
63.6%
Texas Tech
59%
Syracuse
55.3%
Syracuse
55.3%
Syracuse
55.3%
Northwestern
49.8%
Mississippi State
49.4%
West Virginia
48.2%
BYU
47.8%
Louisville
34.4%

You're not logged in!

Compare scores with friends on all Sporcle quizzes.
Join for Free
OR
Log In

You Might Also Like...

Show Comments

Extras

Top Quizzes Today


Score Distribution

Your Account Isn't Verified!

In order to create a playlist on Sporcle, you need to verify the email address you used during registration. Go to your Sporcle Settings to finish the process.

Report this User

Report this user for behavior that violates our Community Guidelines.

Details: